Scripts of power: (Record no. 1850953)
[ view plain ]
| 000 -LEADER | |
|---|---|
| fixed length control field | 00951nam a22002537a 4500 |
| 005 - DATE AND TIME OF LATEST TRANSACTION | |
| control field | 20260430171927.0 |
| 008 - FIXED-LENGTH DATA ELEMENTS--GENERAL INFORMATION | |
| fixed length control field | 260430b |||||||| |||| 00| 0 eng d |
| 020 ## - INTERNATIONAL STANDARD BOOK NUMBER | |
| International Standard Book Number | 9788178246789 (pbk) |
| 037 ## - SOURCE OF ACQUISITION | |
| Terms of availability | REF |
| 040 ## - CATALOGING SOURCE | |
| Original cataloging agency | CRL |
| Transcribing agency | CRL |
| 041 ## - LANGUAGE CODE | |
| Source of code | eng |
| Language code of text/sound track or separate title | eng |
| 084 ## - COLON CLASSIFICATION NUMBER | |
| Classification number | P:23 R3 (RR) |
| Assigning agency | CRL |
| 100 ## - MAIN ENTRY--PERSONAL NAME | |
| Personal name | Deshpande, Prachi |
| 9 (RLIN) | 982679 |
| 245 ## - TITLE STATEMENT | |
| Title | Scripts of power: |
| Remainder of title | Writings, language practices, and cultural history in western India |
| 246 ## - VARYING FORM OF TITLE | |
| Title proper/short title | Hedgehog and fox: |
| Remainder of title | history and politics series/ / Editor Rudrangshu Mukhejee |
| 260 ## - PUBLICATION, DISTRIBUTION, ETC. | |
| Place of publication, distribution, etc. | Ranikhet, India: |
| Name of publisher, distributor, etc. | Permanent Black, |
| Date of publication, distribution, etc. | 2023. |
| 300 ## - PHYSICAL DESCRIPTION | |
| Extent | xii, 315p. |
| 365 ## - TRADE PRICE | |
| Price amount | 695.00 |
| Currency code | INR |
| 490 ## - SERIES STATEMENT | |
| Series statement | Hedgehog and fox: history and politics series/ Editor Rudrangshu Mukhejee |
| 650 ## - SUBJECT ADDED ENTRY--TOPICAL TERM | |
| Topical term or geographic name entry element | Linguistics |
| 650 ## - SUBJECT ADDED ENTRY--TOPICAL TERM | |
| Topical term or geographic name entry element | Writing |
| 942 ## - ADDED ENTRY ELEMENTS (KOHA) | |
| Source of classification or shelving scheme | Colon Classification (CC) |
| Koha item type | Reference |
| Classification part | P:23 R3 (RR) |
| Suppress in OPAC | No |
| Withdrawn status | Lost status | Source of classification or shelving scheme | Damaged status | Not for loan | Home library | Current library | Date acquired | Source of acquisition | Cost, normal purchase price | Inventory number | Total Checkouts | Full call number | Barcode | Date last seen | Price effective from | Koha item type |
|---|---|---|---|---|---|---|---|---|---|---|---|---|---|---|---|---|
| Colon Classification (CC) | Central Library | Central Library | 2026-04-30 | Orient Blackswan Private Limited | 695.00 | 000906 & 2026-03-23 | P:23 R3 | CL1926708 | 2026-04-30 | 2026-04-30 | Reference |
